| 000 | 01451cam a2200277 i 4500 | ||
|---|---|---|---|
| 001 | 123339 | ||
| 005 | 20230410132649.0 | ||
| 008 | 141024s2015 nyu 000 1 eng | ||
| 020 | _a9780307594174 (hardcover : acid-free paper) | ||
| 020 | _a9780307740922 (softcover : acid-free paper) | ||
| 020 | _z9780385353175 (ebook) | ||
| 020 | _z9780307749109 (compact disc) | ||
| 040 |
_aDLC _beng _cDLC _erda _dDLC |
||
| 042 | _apcc | ||
| 050 | 1 | 4 |
_aPS 3563 _bM878g 2015 |
| 082 | 0 | 0 | _a813 |
| 100 | 1 | _aMorrison, Toni. | |
| 245 | 1 | 0 |
_aGod help the child / _cToni Morrison. |
| 264 | 1 |
_aNew York : _bAlfred A. Knopf, _c2015. |
|
| 300 |
_a178 p. ; _c22 cm |
||
| 500 | _a"This is a Borzoi book." | ||
| 520 | _aA tale about the way the sufferings of childhood can shape, and misshape, the life of the adult. At the center: a young woman who calls herself Bride, whose stunning blue-black skin is only one element of her beauty, her boldness and confidence, her success in life, but which caused her light-skinned mother to deny her even the simplest forms of love. There is Booker, the man Bride loves, and loses to anger. Rain, the mysterious white child with whom she crosses paths. And finally, Bride's mother herself, Sweetness, who takes a lifetime to come to understand that "what you do to children matters. And they might never forget." | ||
| 650 | 0 |
_aAfrican Americans _vFiction. |
|
| 650 | 0 |
_aMothers and daughters _vFiction. |
|
| 942 |
_2lcc _cbk |
||
| 999 |
_c85570 _d85570 |
||